[Event "25th European Club Cup Women 2021"]
[Site "Struga"]
[Date "2021.09.19"]
[Round "2.1"]
[White "Bivol, Alina"]
[Black "Peycheva, Gergana"]
[Result "1-0"]
[WhiteElo "2385"]
[BlackElo "2331"]
[Annotator "ChessBase"]
[PlyCount "160"]
[EventDate "2021.09.18"]
[EventType "team-tourn"]
[EventCountry "MKD"]
[SourceTitle "playchess.com"]
[Source "ChessBase"]
[SourceQuality "1"]
[TimeControl "40/5400+30:1800+30"]

1. e4 {[%emt 0:00:11]} c6 {[%emt 0:00:23]} 2. d4 {[%emt 0:01:25]} d5 {[%emt 0:
00:35]} 3. exd5 {[%emt 0:00:05]} cxd5 {[%emt 0:00:05]} 4. Bd3 {[%emt 0:00:04]}
Nc6 {[%emt 0:00:58]} 5. c3 {[%emt 0:00:24]} Qc7 {[%emt 0:00:52]} 6. Ne2 {
[%emt 0:00:11]} Bg4 {[%emt 0:00:57]} 7. O-O {[%emt 0:00:08]} e6 {[%emt 0:04:27]
} 8. Qe1 {[%emt 0:01:34]} Bd6 {[%emt 0:04:14]} 9. f3 {[%emt 0:02:40]} Bh5 {
[%emt 0:02:08]} 10. Qh4 {[%emt 0:00:41]} Bg6 {[%emt 0:00:18]} 11. Bxg6 {
[%emt 0:00:13]} fxg6 {[%emt 0:00:03]} 12. Re1 {[%emt 0:09:11]} Kf7 {[%emt 0:06:
38]} 13. Bf4 {[%emt 0:06:27]} e5 {[%emt 0:06:14]} 14. dxe5 {[%emt 0:01:26]}
Nxe5 {[%emt 0:01:12]} 15. Bxe5 {[%emt 0:08:37]} Bxe5 {[%emt 0:00:15]} 16. Nd2 {
[%emt 0:00:15]} Nf6 {[%emt 0:06:13]} 17. f4 {[%emt 0:03:59]} Bd6 {[%emt 0:01:
36]} 18. Nf3 {[%emt 0:00:15]} Rhe8 {[%emt 0:05:58]} 19. Ng5+ {[%emt 0:02:29]}
Kg8 {[%emt 0:01:50]} 20. Nd4 {[%emt 0:01:28]} Bc5 {[%emt 0:03:32]} 21. Nge6 {
[%emt 0:10:00]} Bxd4+ {[%emt 0:02:43]} 22. Nxd4 {[%emt 0:00:16]} Re4 {[%emt 0:
05:52]} 23. Rxe4 {[%emt 0:00:25]} dxe4 {[%emt 0:00:11]} 24. Re1 {[%emt 0:06:03]
} Re8 {[%emt 0:04:37]} 25. Qg5 {[%emt 0:00:23]} a6 {[%emt 0:06:11]} 26. h3 {
[%emt 0:02:32]} Kh8 {[%emt 0:07:37]} 27. Re2 {[%emt 0:04:58]} Nh5 {[%emt 0:05:
14]} 28. g3 {[%emt 0:05:47]} Nf6 {[%emt 0:03:10]} 29. Kg2 {[%emt 0:01:22]} b6 {
[%emt 0:02:42]} 30. f5 {[%emt 0:01:29]} Re5 {[%emt 0:02:00]} 31. g4 {[%emt 0:
06:54]} gxf5 {[%emt 0:02:41]} 32. gxf5 {[%emt 0:01:50]} Qc4 {[%emt 0:01:28]}
33. Kh2 {[%emt 0:04:02]} h6 {[%emt 0:00:26]} 34. Qf4 {[%emt 0:03:43]} Re7 {
[%emt 0:03:03]} 35. Rg2 {[%emt 0:02:38]} Qc7 {[%emt 0:05:42]} 36. Qxc7 {
[%emt 0:05:11]} Rxc7 {[%emt 0:00:04]} 37. Kg1 {[%emt 0:00:31]} Kg8 {[%emt 0:01:
34]} 38. Kf2 {[%emt 0:01:30]} Re7 {[%emt 0:01:22]} 39. Ne6 {[%emt 0:00:24]} g5
{[%emt 0:03:25]} 40. h4 {[%emt 0:00:00]} g4 {[%emt 0:00:00]} 41. Ke3 {[%emt 0:
06:52]} Rd7 {[%emt 0:03:49]} 42. Nd4 {[%emt 0:01:00]} Kf7 {[%emt 0:03:39]} 43.
c4 {[%emt 0:00:11]} Rc7 {[%emt 0:03:47]} 44. b3 {[%emt 0:00:23]} Rd7 {[%emt 0:
01:18]} 45. Rc2 {[%emt 0:01:42]} Rc7 {[%emt 0:01:03]} 46. a3 {[%emt 0:07:09]}
Rc8 {[%emt 0:02:05]} 47. Ne6 {[%emt 0:02:41]} Ke7 {[%emt 0:03:38]} 48. b4 {
[%emt 0:03:17]} Kd6 {[%emt 0:03:34]} 49. Kf4 {[%emt 0:01:20]} Rg8 {[%emt 0:01:
49]} 50. Rd2+ {[%emt 0:03:01]} Ke7 {[%emt 0:01:25]} 51. Nd4 {[%emt 0:03:40]}
Rc8 {[%emt 0:02:28]} 52. b5 {[%emt 0:00:33]} axb5 {[%emt 0:01:09]} 53. cxb5 {
[%emt 0:00:08]} Rc3 {[%emt 0:01:49]} 54. Nc6+ {[%emt 0:00:42]} Kf7 {[%emt 0:00:
52]} 55. Ne5+ {[%emt 0:03:18]} Ke7 {[%emt 0:00:05]} 56. Ng6+ {[%emt 0:01:56]}
Kf7 {[%emt 0:00:27]} 57. Ne5+ {[%emt 0:01:18]} Ke7 {[%emt 0:00:04]} 58. a4 {
[%emt 0:01:14]} e3 {[%emt 0:02:04]} 59. Ng6+ {[%emt 0:02:18]} Kf7 {[%emt 0:00:
04]} 60. Ne5+ {[%emt 0:00:40]} Ke7 {[%emt 0:00:04]} 61. Rb2 {[%emt 0:00:54]}
Kd6 {[%emt 0:03:51]} 62. a5 {[%emt 0:01:13]} Nd5+ {[%emt 0:00:53]} 63. Ke4 {
[%emt 0:00:32]} bxa5 {[%emt 0:01:16]} 64. Kd4 {[%emt 0:00:47]} g3 {[%emt 0:02:
07]} 65. b6 {[%emt 0:03:24]} Rc8 {[%emt 0:00:13]} 66. b7 {[%emt 0:00:32]} Rb8 {
[%emt 0:00:03]} 67. Nc4+ {[%emt 0:00:04]} Kc6 {[%emt 0:00:03]} 68. Nxa5+ {
[%emt 0:00:05]} Kd6 {[%emt 0:00:06]} 69. Nc4+ {[%emt 0:00:21]} Kc6 {[%emt 0:00:
04]} 70. Na5+ {[%emt 0:00:39]} Kd6 {[%emt 0:00:03]} 71. Rc2 {[%emt 0:00:59]}
Nb4 {[%emt 0:02:39]} 72. Rc8 {[%emt 0:00:45]} e2 {[%emt 0:00:12]} 73. Rxb8 {
[%emt 0:00:59]} Na6 {[%emt 0:01:07]} 74. Ra8 {[%emt 0:00:29]} e1=Q {[%emt 0:00:
36]} 75. Rxa6+ {[%emt 0:00:04]} Kd7 {[%emt 0:00:33]} 76. b8=Q {[%emt 0:00:18]}
Qd2+ {[%emt 0:00:27]} 77. Kc5 {[%emt 0:00:56]} Qe3+ {[%emt 0:00:26]} 78. Kb4 {
[%emt 0:00:17]} Qd2+ {[%emt 0:00:26]} 79. Ka3 {[%emt 0:00:46]} Qd3+ {[%emt 0:
00:37]} 80. Ka4 {[%emt 0:00:14]} Qc4+ {[%emt 0:01:05]} 1-0

[Event "25th European Club Cup Women 2021"]
[Site "Struga"]
[Date "2021.09.19"]
[Round "2.2"]
[White "Toncheva, Nadya"]
[Black "Heinemann, Josefine"]
[Result "1/2-1/2"]
[WhiteElo "2178"]
[BlackElo "2292"]
[Annotator "NA"]
[PlyCount "109"]
[EventDate "2021.09.18"]
[EventType "team-tourn"]
[EventCountry "MKD"]
[SourceTitle "playchess.com"]
[Source "ChessBase"]
[SourceQuality "1"]
[TimeControl "40/5400+30:1800+30"]

1. d4 {[%emt 0:00:02]} Nf6 {[%emt 0:00:07]} 2. c4 {[%emt 0:00:04]} g6 {[%emt 0:
00:06]} 3. Nc3 {[%emt 0:00:03]} d5 {[%emt 0:00:04]} 4. cxd5 {[%emt 0:00:03]}
Nxd5 {[%emt 0:00:06]} 5. e4 {[%emt 0:00:03]} Nxc3 {[%emt 0:00:07]} 6. bxc3 {
[%emt 0:00:03]} Bg7 {[%emt 0:00:08]} 7. Be3 {[%emt 0:00:06]} c5 {[%emt 0:00:06]
} 8. Rc1 {[%emt 0:00:05]} Qa5 {[%emt 0:00:25]} 9. Qd2 {[%emt 0:00:04]} O-O {
[%emt 0:00:18]} 10. Nf3 {[%emt 0:00:03]} Nd7 {[%emt 0:00:06]} 11. Bh6 {[%emt 0:
00:12]} Nf6 {[%emt 0:03:22]} 12. Bd3 {[%emt 0:00:05]} Bg4 {[%emt 0:06:51]} 13.
Bxg7 {[%emt 0:00:31]} Kxg7 {[%emt 0:00:06]} 14. Ne5 {[%emt 0:00:09]} cxd4 {
[%emt 0:03:53]} 15. cxd4 {[%emt 0:00:07]} Qxd2+ {[%emt 0:04:07]} 16. Kxd2 {
[%emt 0:00:05]} Rac8 {[%emt 0:03:20]} 17. Ke3 {[%emt 0:05:08]} Be6 {[%emt 0:03:
17]} 18. d5 {[%emt 0:01:41]} Ng4+ {[%emt 0:01:50]} 19. Nxg4 {[%emt 0:02:55]}
Bxg4 {[%emt 0:00:05]} 20. Kd4 {[%emt 0:01:48]} Bd7 {[%emt 0:04:03]} 21. f4 {
[%emt 0:10:04]} Rfd8 {[%emt 0:05:27]} 22. Rxc8 {[%emt 0:12:28]} Rxc8 {[%emt 0:
00:09]} 23. Rb1 {[%emt 0:00:00]} b6 {[%emt 0:07:13]} 24. Rb2 {[%emt 0:09:05]}
f6 {[%emt 0:06:32]} 25. e5 {[%emt 0:03:03]} Kf8 {[%emt 0:08:08]} 26. h4 {
[%emt 0:06:41]} Rd8 {[%emt 0:04:43]} 27. Be4 {[%emt 0:13:44]} Be6 {[%emt 0:05:
59]} 28. exf6 {[%emt 0:00:10]} exf6 {[%emt 0:00:51]} 29. Rc2 {[%emt 0:00:06]}
Ke7 {[%emt 0:02:02]} 30. Bf3 {[%emt 0:03:30]} Bf5 {[%emt 0:04:28]} 31. Rc7+ {
[%emt 0:03:23]} Rd7 {[%emt 0:00:13]} 32. Rc3 {[%emt 0:00:03]} h5 {[%emt 0:04:
51]} 33. Bd1 {[%emt 0:06:50]} Rd8 {[%emt 0:03:01]} 34. Ba4 {[%emt 0:06:50]} Rc8
{[%emt 0:00:21]} 35. Bc6 {[%emt 0:00:04]} Kd6 {[%emt 0:01:41]} 36. Re3 {
[%emt 0:05:12]} Rg8 {[%emt 0:04:15]} 37. Kc4 {[%emt 0:02:42]} Rc8 {[%emt 0:03:
05]} 38. Kb5 {[%emt 0:00:45]} Bd7 {[%emt 0:01:22]} 39. Rd3 {[%emt 0:04:19]} Re8
{[%emt 0:00:49]} 40. Bxd7 {[%emt 0:00:00]} Kxd7 {[%emt 0:00:00]} 41. Ra3 {
[%emt 0:02:34]} Kd6 {[%emt 0:03:34]} 42. Rxa7 {[%emt 0:05:10]} Re2 {[%emt 0:00:
59]} 43. g3 {[%emt 0:10:55]} Re3 {[%emt 0:04:57]} 44. Rf7 {[%emt 0:02:44]} Rxg3
{[%emt 0:01:00]} 45. Rxf6+ {[%emt 0:00:07]} Kxd5 {[%emt 0:00:06]} 46. Rxb6 {
[%emt 0:03:56]} Ke4 {[%emt 0:01:41]} 47. a4 {[%emt 0:00:39]} Kxf4 {[%emt 0:00:
33]} 48. a5 {[%emt 0:00:17]} g5 {[%emt 0:03:41]} 49. a6 {[%emt 0:02:35]} Ra3 {
[%emt 0:02:56]} 50. hxg5 {[%emt 0:01:39]} Kxg5 {[%emt 0:00:04]} 51. Rd6 {
[%emt 0:00:49]} h4 {[%emt 0:00:32]} 52. Rd5+ {[%emt 0:00:05]} Kg4 {[%emt 0:00:
16]} 53. Kb6 {[%emt 0:00:41]} h3 {[%emt 0:00:31]} 54. a7 {[%emt 0:00:31]} Rxa7
{[%emt 0:00:16]} 55. Kxa7 {[%emt 0:00:06]} 1/2-1/2

[Event "25th European Club Cup Women 2021"]
[Site "Struga"]
[Date "2021.09.19"]
[Round "2.3"]
[White "Dordzhieva, Dinara"]
[Black "Djukic, Sandra"]
[Result "1-0"]
[WhiteElo "2303"]
[BlackElo "2127"]
[Annotator "NA"]
[PlyCount "145"]
[EventDate "2021.09.18"]
[EventType "team-tourn"]
[EventCountry "MKD"]
[SourceTitle "playchess.com"]
[Source "ChessBase"]
[SourceQuality "1"]
[TimeControl "40/5400+30:1800+30"]

1. Nf3 {[%emt 0:00:03]} d5 {[%emt 0:00:06]} 2. d4 {[%emt 0:00:06]} Nf6 {
[%emt 0:00:07]} 3. c4 {[%emt 0:00:13]} e6 {[%emt 0:00:06]} 4. Nc3 {[%emt 0:00:
08]} Be7 {[%emt 0:02:10]} 5. Bg5 {[%emt 0:00:38]} O-O {[%emt 0:02:04]} 6. e3 {
[%emt 0:00:08]} h6 {[%emt 0:00:36]} 7. Bh4 {[%emt 0:00:15]} c6 {[%emt 0:08:19]}
8. Bd3 {[%emt 0:02:35]} Nbd7 {[%emt 0:01:29]} 9. O-O {[%emt 0:00:35]} b6 {
[%emt 0:05:47]} 10. Qe2 {[%emt 0:18:54]} Bb7 {[%emt 0:05:32]} 11. cxd5 {
[%emt 0:00:58]} Nxd5 {[%emt 0:01:46]} 12. Bg3 {[%emt 0:05:39]} Nxc3 {[%emt 0:
06:36]} 13. bxc3 {[%emt 0:00:05]} c5 {[%emt 0:01:45]} 14. e4 {[%emt 0:02:56]}
Nf6 {[%emt 0:07:15]} 15. Rad1 {[%emt 0:01:57]} Qc8 {[%emt 0:03:11]} 16. Bh4 {
[%emt 0:08:46]} Re8 {[%emt 0:03:34]} 17. Rfe1 {[%emt 0:08:24]} a6 {[%emt 0:14:
08]} 18. Bb1 {[%emt 0:04:22]} Nd7 {[%emt 0:07:39]} 19. Bxe7 {[%emt 0:05:26]}
Rxe7 {[%emt 0:00:09]} 20. e5 {[%emt 0:05:32]} Nf8 {[%emt 0:09:06]} 21. Nd2 {
[%emt 0:02:09]} cxd4 {[%emt 0:02:36]} 22. cxd4 {[%emt 0:00:16]} Qc3 {[%emt 0:
01:45]} 23. Ne4 {[%emt 0:04:47]} Bxe4 {[%emt 0:00:28]} 24. Bxe4 {[%emt 0:00:09]
} Rd8 {[%emt 0:00:22]} 25. Rd3 {[%emt 0:06:32]} Qb4 {[%emt 0:08:42]} 26. Red1 {
[%emt 0:05:24]} Red7 {[%emt 0:06:14]} 27. d5 {[%emt 0:03:38]} exd5 {[%emt 0:00:
02]} 28. Rxd5 {[%emt 0:00:03]} Rxd5 {[%emt 0:00:35]} 29. Bxd5 {[%emt 0:00:06]}
Ne6 {[%emt 0:01:44]} 30. g3 {[%emt 0:01:20]} a5 {[%emt 0:00:59]} 31. h4 {
[%emt 0:05:40]} Qc5 {[%emt 0:00:34]} 32. Qf3 {[%emt 0:00:58]} Qe7 {[%emt 0:00:
27]} 33. Kg2 {[%emt 0:00:43]} Rc8 {[%emt 0:00:33]} 34. Be4 {[%emt 0:00:29]} Rd8
{[%emt 0:00:14]} 35. Bd5 {[%emt 0:04:01]} Rd7 {[%emt 0:00:43]} 36. Rc1 {
[%emt 0:02:02]} Nc5 {[%emt 0:00:25]} 37. Re1 {[%emt 0:01:09]} Ne6 {[%emt 0:00:
01]} 38. Be4 {[%emt 0:00:58]} Nd4 {[%emt 0:01:08]} 39. Qg4 {[%emt 0:00:43]} Ne6
{[%emt 0:00:14]} 40. Qf3 {[%emt 0:00:00]} Nd4 {[%emt 0:00:00]} 41. Qe3 {
[%emt 0:04:31]} Kf8 {[%emt 0:18:46]} 42. Qf4 {[%emt 0:11:59]} Ne6 {[%emt 0:07:
14]} 43. Qf3 {[%emt 0:04:11]} Qb4 {[%emt 0:05:56]} 44. Rc1 {[%emt 0:01:57]} Qd4
{[%emt 0:00:42]} 45. Rc6 {[%emt 0:06:25]} Qxe5 {[%emt 0:00:12]} 46. Rxb6 {
[%emt 0:00:16]} Kg8 {[%emt 0:00:47]} 47. Qe3 {[%emt 0:00:50]} Qc7 {[%emt 0:00:
40]} 48. Rc6 {[%emt 0:01:06]} Qd8 {[%emt 0:01:02]} 49. Ra6 {[%emt 0:00:39]} Qc7
{[%emt 0:00:00]} 50. Ra8+ {[%emt 0:01:39]} Rd8 {[%emt 0:00:00]} 51. Ra7 {
[%emt 0:00:04]} Qc5 {[%emt 0:00:00]} 52. Qxc5 {[%emt 0:00:29]} Nxc5 {[%emt 0:
00:00]} 53. Bc2 {[%emt 0:00:03]} a4 {[%emt 0:00:24]} 54. Ra5 {[%emt 0:00:16]}
Nd3 {[%emt 0:01:34]} 55. Bxa4 {[%emt 0:01:02]} g6 {[%emt 0:00:52]} 56. Bb3 {
[%emt 0:00:28]} Ne1+ {[%emt 0:00:21]} 57. Kf1 {[%emt 0:00:16]} Nf3 {[%emt 0:00:
02]} 58. Bd5 {[%emt 0:00:45]} Nd4 {[%emt 0:00:34]} 59. Rc5 {[%emt 0:00:49]} Kg7
{[%emt 0:00:51]} 60. a4 {[%emt 0:01:00]} Kf6 {[%emt 0:00:03]} 61. Bc4 {[%emt 0:
00:51]} Rb8 {[%emt 0:00:13]} 62. a5 {[%emt 0:01:10]} Rb1+ {[%emt 0:00:02]} 63.
Kg2 {[%emt 0:00:03]} g5 {[%emt 0:00:25]} 64. hxg5+ {[%emt 0:01:16]} hxg5 {
[%emt 0:00:01]} 65. Rd5 {[%emt 0:01:08]} Ne6 {[%emt 0:00:25]} 66. a6 {[%emt 0:
00:48]} Ra1 {[%emt 0:00:21]} 67. Rd7 {[%emt 0:00:37]} g4 {[%emt 0:00:30]} 68.
a7 {[%emt 0:00:18]} Nc5 {[%emt 0:00:07]} 69. Rxf7+ {[%emt 0:00:17]} Ke5 {
[%emt 0:00:05]} 70. Rg7 {[%emt 0:00:30]} Ne4 {[%emt 0:01:01]} 71. Re7+ {
[%emt 0:00:37]} Kd4 {[%emt 0:00:05]} 72. Bb5 {[%emt 0:00:30]} Ng5 {[%emt 0:00:
07]} 73. Bc6 {[%emt 0:00:19]} 1-0

[Event "25th European Club Cup Women 2021"]
[Site "Struga"]
[Date "2021.09.19"]
[Round "2.4"]
[White "Galunova, Tsveta"]
[Black "Hrescak, Ivana"]
[Result "0-1"]
[WhiteElo "2190"]
[BlackElo "2142"]
[Annotator "NA"]
[PlyCount "74"]
[EventDate "2021.09.18"]
[EventType "team-tourn"]
[EventCountry "MKD"]
[SourceTitle "playchess.com"]
[Source "ChessBase"]
[SourceQuality "1"]
[TimeControl "40/5400+30:1800+30"]

1. d4 {[%emt 0:00:04]} Nf6 {[%emt 0:00:05]} 2. c4 {[%emt 0:00:09]} g6 {[%emt 0:
00:02]} 3. Nc3 {[%emt 0:00:08]} Bg7 {[%emt 0:00:06]} 4. e4 {[%emt 0:00:11]} d6
{[%emt 0:00:04]} 5. f3 {[%emt 0:00:09]} O-O {[%emt 0:00:05]} 6. Be3 {[%emt 0:
00:20]} c5 {[%emt 0:00:05]} 7. d5 {[%emt 0:00:17]} e6 {[%emt 0:00:23]} 8. Qd2 {
[%emt 0:00:28]} exd5 {[%emt 0:01:12]} 9. cxd5 {[%emt 0:00:06]} a6 {[%emt 0:01:
11]} 10. a4 {[%emt 0:00:18]} Nbd7 {[%emt 0:00:52]} 11. Nh3 {[%emt 0:00:21]} Ne5
{[%emt 0:03:47]} 12. Nf2 {[%emt 0:00:43]} h5 {[%emt 0:00:48]} 13. Be2 {[%emt 0:
01:12]} Nh7 {[%emt 0:02:21]} 14. h3 {[%emt 0:24:03]} Re8 {[%emt 0:06:47]} 15.
f4 {[%emt 0:09:54]} Nd7 {[%emt 0:00:28]} 16. O-O {[%emt 0:00:08]} Ndf8 {
[%emt 0:07:32]} 17. Bf3 {[%emt 0:11:40]} f5 {[%emt 0:03:31]} 18. exf5 {[%emt 0:
00:10]} Bxf5 {[%emt 0:00:11]} 19. g4 {[%emt 0:00:20]} Bd7 {[%emt 0:22:06]} 20.
Nce4 {[%emt 0:17:35]} hxg4 {[%emt 0:08:31]} 21. hxg4 {[%emt 0:00:46]} Qb6 {
[%emt 0:01:25]} 22. Nc3 {[%emt 0:17:52]} Re7 {[%emt 0:06:25]} 23. Nfe4 {
[%emt 0:10:47]} Rae8 {[%emt 0:03:52]} 24. Bf2 {[%emt 0:00:01]} Nf6 {[%emt 0:02:
54]} 25. Nxf6+ {[%emt 0:00:34]} Bxf6 {[%emt 0:00:02]} 26. Kg2 {[%emt 0:00:25]}
Qb4 {[%emt 0:05:46]} 27. Rh1 {[%emt 0:01:26]} Rf7 {[%emt 0:10:05]} 28. Bg3 {
[%emt 0:03:30]} Bd4 {[%emt 0:02:07]} 29. Qc2 {[%emt 0:00:15]} Rfe7 {[%emt 0:09:
00]} 30. Rab1 {[%emt 0:01:05]} b5 {[%emt 0:01:41]} 31. axb5 {[%emt 0:00:24]}
axb5 {[%emt 0:00:12]} 32. Ra1 {[%emt 0:00:30]} Qc4 {[%emt 0:00:49]} 33. Qb1 {
[%emt 0:00:37]} b4 {[%emt 0:01:23]} 34. Ne4 {[%emt 0:00:13]} Rxe4 {[%emt 0:00:
24]} 35. Bxe4 {[%emt 0:00:46]} Qe2+ {[%emt 0:00:01]} 36. Kh3 {[%emt 0:00:29]}
Bxg4+ {[%emt 0:00:34]} 37. Kh4 {[%emt 0:00:03]} Bf6# {[%emt 0:00:11]} 0-1

[Event "25th European Club Cup Women 2021"]
[Site "Struga"]
[Date "2021.09.19"]
[Round "2.5"]
[White "Shuvalova, Polina"]
[Black "Salimova, Nurgyul"]
[Result "1-0"]
[WhiteElo "2510"]
[BlackElo "2362"]
[Annotator "ChessBase"]
[PlyCount "115"]
[EventDate "2021.09.18"]
[EventType "team-tourn"]
[EventCountry "MKD"]
[SourceTitle "playchess.com"]
[Source "ChessBase"]
[SourceQuality "1"]
[TimeControl "40/5400+30:1800+30"]

1. d4 {[%emt 0:00:08]} Nf6 {[%emt 0:00:07]} 2. Nf3 {[%emt 0:00:06]} d5 {
[%emt 0:00:20]} 3. Bf4 {[%emt 0:00:11]} c5 {[%emt 0:01:37]} 4. e3 {[%emt 0:00:
08]} Nc6 {[%emt 0:00:27]} 5. Nbd2 {[%emt 0:00:07]} Nh5 {[%emt 0:01:00]} 6. Be5
{[%emt 0:00:12]} e6 {[%emt 0:00:27]} 7. c3 {[%emt 0:00:15]} f6 {[%emt 0:08:04]}
8. Bg3 {[%emt 0:00:17]} g6 {[%emt 0:01:36]} 9. Bd3 {[%emt 0:02:16]} cxd4 {
[%emt 0:08:11]} 10. cxd4 {[%emt 0:01:07]} Be7 {[%emt 0:01:28]} 11. a3 {[%emt 0:
12:23]} a5 {[%emt 0:07:36]} 12. Nb1 {[%emt 0:04:37]} O-O {[%emt 0:02:45]} 13.
Nc3 {[%emt 0:00:14]} Bd7 {[%emt 0:11:07]} 14. Qe2 {[%emt 0:06:46]} a4 {[%emt 0:
07:51]} 15. O-O {[%emt 0:04:28]} Na5 {[%emt 0:05:31]} 16. e4 {[%emt 0:01:46]}
dxe4 {[%emt 0:01:05]} 17. Nxe4 {[%emt 0:00:22]} Nb3 {[%emt 0:09:23]} 18. Rad1 {
[%emt 0:00:22]} f5 {[%emt 0:02:53]} 19. Nc5 {[%emt 0:01:25]} Nxg3 {[%emt 0:03:
24]} 20. hxg3 {[%emt 0:00:28]} Bxc5 {[%emt 0:00:23]} 21. dxc5 {[%emt 0:00:10]}
Qe7 {[%emt 0:01:49]} 22. Bc4 {[%emt 0:05:31]} Nxc5 {[%emt 0:01:03]} 23. Qe5 {
[%emt 0:01:53]} Rac8 {[%emt 0:07:08]} 24. Rd6 {[%emt 0:04:17]} Qg7 {[%emt 0:04:
01]} 25. Rfd1 {[%emt 0:08:43]} Qxe5 {[%emt 0:03:07]} 26. Nxe5 {[%emt 0:00:04]}
Bc6 {[%emt 0:00:24]} 27. Rxe6 {[%emt 0:32:34]} Nxe6 {[%emt 0:00:38]} 28. Bxe6+
{[%emt 0:00:05]} Kg7 {[%emt 0:00:46]} 29. Bxc8 {[%emt 0:00:11]} Rxc8 {[%emt 0:
00:04]} 30. Rd6 {[%emt 0:00:38]} Rc7 {[%emt 0:03:08]} 31. f3 {[%emt 0:00:30]}
Bb5 {[%emt 0:01:32]} 32. Rd2 {[%emt 0:02:26]} Kf6 {[%emt 0:01:23]} 33. f4 {
[%emt 0:00:11]} Ke6 {[%emt 0:01:37]} 34. Kf2 {[%emt 0:00:33]} Ke7 {[%emt 0:01:
55]} 35. g4 {[%emt 0:04:42]} fxg4 {[%emt 0:00:21]} 36. Kg3 {[%emt 0:01:39]} Kf6
{[%emt 0:01:58]} 37. Kxg4 {[%emt 0:02:14]} Be8 {[%emt 0:01:04]} 38. Rd6+ {
[%emt 0:00:37]} Kg7 {[%emt 0:00:43]} 39. Rb6 {[%emt 0:00:16]} Re7 {[%emt 0:00:
41]} 40. g3 {[%emt 0:00:00]} Rc7 {[%emt 0:00:00]} 41. Kf3 {[%emt 0:01:51]} Re7
{[%emt 0:16:46]} 42. Ke4 {[%emt 0:02:26]} h5 {[%emt 0:04:37]} 43. Kd5 {[%emt 0:
03:54]} Kh7 {[%emt 0:00:53]} 44. Kd6 {[%emt 0:01:57]} Rg7 {[%emt 0:00:07]} 45.
Ke6 {[%emt 0:00:54]} Bc6 {[%emt 0:04:26]} 46. Kf6 {[%emt 0:02:43]} Rg8 {
[%emt 0:04:33]} 47. Kg5 {[%emt 0:01:47]} Rg7 {[%emt 0:01:08]} 48. Nxc6 {
[%emt 0:03:34]} bxc6 {[%emt 0:00:05]} 49. Rxc6 {[%emt 0:00:02]} Rb7 {[%emt 0:
00:22]} 50. Rxg6 {[%emt 0:00:10]} Rxb2 {[%emt 0:00:38]} 51. Kxh5 {[%emt 0:01:
49]} Rb5+ {[%emt 0:01:02]} 52. Rg5 {[%emt 0:00:05]} Rb3 {[%emt 0:00:04]} 53.
Kh4 {[%emt 0:00:22]} Rxa3 {[%emt 0:00:13]} 54. Ra5 {[%emt 0:00:04]} Ra1 {
[%emt 0:00:57]} 55. g4 {[%emt 0:00:06]} a3 {[%emt 0:00:03]} 56. Kg5 {[%emt 0:
00:04]} a2 {[%emt 0:00:34]} 57. Ra7+ {[%emt 0:00:04]} Kg8 {[%emt 0:00:04]} 58.
f5 {[%emt 0:00:04]} 1-0

[Event "25th European Club Cup Women 2021"]
[Site "Struga"]
[Date "2021.09.19"]
[Round "2.6"]
[White "Radeva, Viktoria"]
[Black "Atalik, Ekaterina"]
[Result "1/2-1/2"]
[WhiteElo "2350"]
[BlackElo "2429"]
[Annotator "NA"]
[PlyCount "81"]
[EventDate "2021.09.18"]
[EventType "team-tourn"]
[EventCountry "MKD"]
[SourceTitle "playchess.com"]
[Source "ChessBase"]
[SourceQuality "1"]
[TimeControl "40/5400+30:1800+30"]

1. e4 {[%emt 0:00:03]} e5 {[%emt 0:00:17]} 2. Nf3 {[%emt 0:00:08]} Nc6 {
[%emt 0:00:08]} 3. Bc4 {[%emt 0:00:06]} Nf6 {[%emt 0:00:17]} 4. d3 {[%emt 0:00:
06]} Be7 {[%emt 0:00:18]} 5. O-O {[%emt 0:00:22]} O-O {[%emt 0:00:23]} 6. Re1 {
[%emt 0:00:32]} d6 {[%emt 0:00:22]} 7. a4 {[%emt 0:00:21]} Kh8 {[%emt 0:01:00]}
8. a5 {[%emt 0:00:54]} a6 {[%emt 0:00:26]} 9. Nc3 {[%emt 0:00:07]} Bg4 {
[%emt 0:01:21]} 10. h3 {[%emt 0:06:44]} Bh5 {[%emt 0:00:34]} 11. Be3 {[%emt 0:
05:37]} Qc8 {[%emt 0:05:21]} 12. Nd5 {[%emt 0:09:54]} Nxd5 {[%emt 0:01:38]} 13.
Bxd5 {[%emt 0:03:42]} Nb4 {[%emt 0:02:27]} 14. Bb3 {[%emt 0:21:05]} f5 {
[%emt 0:02:35]} 15. exf5 {[%emt 0:01:25]} Qxf5 {[%emt 1:20:53]} 16. Qd2 {
[%emt 0:47:24]} Bxf3 {[%emt 0:00:00]} 17. Qxb4 {[%emt 0:00:30]} Qg6 {[%emt 0:
00:00]} 18. g3 {[%emt 0:00:30]} Rf5 {[%emt 0:01:30]} 19. c3 {[%emt 0:00:30]} c5
{[%emt 0:00:30]} 20. Qa4 {[%emt 0:00:30]} Qh5 {[%emt 0:00:30]} 21. Bd1 {
[%emt 0:00:30]} Qxh3 {[%emt 0:00:00]} 22. Bxf3 {[%emt 0:00:00]} Rxf3 {[%emt 0:
00:00]} 23. Qe4 {[%emt 0:01:00]} Raf8 {[%emt 0:01:30]} 24. Qxb7 {[%emt 0:00:30]
} Bg5 {[%emt 0:00:30]} 25. Bf4 {[%emt 0:00:00]} Rxf2 {[%emt 0:00:00]} 26. Kxf2
{[%emt 0:00:00]} exf4 {[%emt 0:00:00]} 27. Qg2 {[%emt 0:00:14]} Qf5 28. Kg1 {
[%emt 0:01:46]} fxg3 {[%emt 0:00:00]} 29. Qxg3 {[%emt 0:00:00]} Bf4 {[%emt 0:
00:00]} 30. Qg2 {[%emt 0:00:04]} Qxd3 {[%emt 0:00:00]} 31. Rad1 {[%emt 0:00:18]
} Qf5 {[%emt 0:00:00]} 32. Rd5 {[%emt 0:00:29]} Qf6 {[%emt 0:00:00]} 33. Rd3 {
[%emt 0:00:25]} h6 {[%emt 0:00:00]} 34. Rh3 {[%emt 0:01:03]} Qf5 {[%emt 0:00:
00]} 35. Kh1 {[%emt 0:00:24]} Be5 {[%emt 0:00:00]} 36. Kg1 {[%emt 0:00:34]} Bf4
{[%emt 0:02:23]} 37. Kh1 {[%emt 0:00:17]} Rb8 {[%emt 0:01:59]} 38. Rf3 {
[%emt 0:00:43]} Qh5+ {[%emt 0:01:34]} 39. Rh3 {[%emt 0:00:33]} Qf5 {[%emt 0:00:
08]} 40. Rf3 {[%emt 0:00:00]} Qh5+ {[%emt 0:00:00]} 41. Rh3 {[%emt 0:09:15]}
1/2-1/2